Effect of Nutrient Spray on Fruiting and Quality of Guava (Psidium guajava Linn.) CV. Sardar (Record no. 50108)

MARC details
000 -LEADER
fixed length control field 00520nam a22001937a 4500
003 - CONTROL NUMBER IDENTIFIER
control field OSt
008 - FIXED-LENGTH DATA ELEMENTS--GENERAL INFORMATION
fixed length control field 260422b |||||||| |||| 00| 0 eng d
082 ## - DEWEY DECIMAL CLASSIFICATION NUMBER
Classification number 634.421
Item number M27E
100 ## - MAIN ENTRY--PERSONAL NAME
Personal name Mahto, Deo Narayan.
245 ## - TITLE STATEMENT
Title Effect of Nutrient Spray on Fruiting and Quality of Guava (Psidium guajava Linn.) CV. Sardar
260 ## - PUBLICATION, DISTRIBUTION, ETC. (IMPRINT)
Place of publication, distribution, etc Sabour, Bhagalpur
Name of publisher, distributor, etc BAC, RAU
Date of publication, distribution, etc 1999
300 ## - PHYSICAL DESCRIPTION
Extent 87p.
502 ## - DISSERTATION NOTE
Degree type M. Sc.
Year degree granted 1999
650 ## - SUBJECT ADDED ENTRY--TOPICAL TERM
Topical term or geographic name as entry element Horticulture
650 ## - SUBJECT ADDED ENTRY--TOPICAL TERM
Topical term or geographic name as entry element Guavas
650 ## - SUBJECT ADDED ENTRY--TOPICAL TERM
Topical term or geographic name as entry element Thesis
650 ## - SUBJECT ADDED ENTRY--TOPICAL TERM
Topical term or geographic name as entry element M. Sc.
942 ## - ADDED ENTRY ELEMENTS (KOHA)
Source of classification or shelving scheme
Koha item type Thesis
Holdings
Withdrawn status Lost status Source of classification or shelving scheme Damaged status Not for loan Home library Current library Date acquired Total Checkouts Full call number Barcode Date last seen Bill Date Koha item type
          Dr. Rajendra Prasad Central Agricultural University Pusa, Dr. Rajendra Prasad Central Agricultural University Pusa, 22/04/2026   634.421 M27E 48158 22/04/2026 22/04/2026 Thesis
Hosted, Implemented, Customized & Maintained by: BestBookBuddies

Powered by Koha